Statistics for IUCN Red List categories by Plant and Animal species

Click here to take the quiz!

General Stats

  • This quiz has been taken 128 times
    (125 since last reset)
  • The average score is 5 of 8

Answer Stats

PlantAnimalCategories% Correct
CooksoniaDodo
100%
RedwoodRed Panda
73%
Angel's TrumpetsHawaiian crow
68%
Guijo / Red BalauChinese Pangolin
66%
Venus flytrapDesert Tortoise
56%
Coconut TreeBald Eagle
55%
MalvalesPlatypus
45%
Sea DatesNorthern Blue
Whale
17%

Score Distribution

Percentile by Number Answered

Percent of People with Each Score

Your Score History

You have not taken this quiz since the last reset